00497nam a2200157 i 450000100060000000300090000600500170001500700030003200800410003510000390007624501280011526000310024330000110027470000310028585200230031694972ES-MaACL20230906181613.0t|050519s1925 sp ||||1| spa d0 aLuengo Martínez, José María.14aLas casas de los Fernández en Oñamon y Villamontán (León) / cpor José María Luengo y Julián Sanz Martínez. aLeón : b[s.n.], c1925. a134 p.1 aSanz Martínez, Julián. aES-MaACLj1690-F-7